000 00948nam a2200205 a 4500
008 100617s2000 ||||||||||||||||| || u
050 _aEURO(02)
110 _aEUROPEAN COMMISSION
245 1 0 _aEU food aid and food security programme: towards recipient country ownership of food security - bi-annual report; 1998/1999
260 _aLuxembourg:
_bOffice for Official Publications of the European Communities
_c2000
300 _a100p.: ill
350 _a0.00
490 _aDevelopment (European Commission)
490 _v Bi-annual report(EU food aid and food security programme); 1998/1999
650 _aFOOD SECURITY--DEVELOPING COUNTRIES
650 _aEUROPEAN UNION COUNTRIES--ECONOMIC POLICY
650 _aEUROPEAN ECONOMIC COMMUNITY--DEVELOPMENT
650 _aFOOD
995 _D0.00
_FCBU-MAIN LIBRARY (Kitwe)
_H1
_I0.00
_M1
_UAVAILABLE
_WJun 17, 2010
_ZInternational Publications
999 _c42548
_d42548